| 000 | 00929pam a2200265 a 4500 | ||
|---|---|---|---|
| 001 | 3398 | ||
| 005 | 20250703095849.0 | ||
| 020 | _a0590959220 | ||
| 040 |
_aDLC _cDLC _dDLC _beng |
||
| 050 | 0 | 0 |
_aQL49.J45 _b1995 |
| 082 | 0 | 0 | _a591 |
| 100 | 1 |
_aJenkins, Steve _d1952-2021. |
|
| 245 | 1 | 0 |
_aBiggest, strongest, fastest / _cby Steve Jenkins |
| 250 | _aFirst Scholastic printing, October 1996 | ||
| 260 |
_aNew York : _bScholastic , _c1995 |
||
| 300 |
_a31 unnumbered pages : _bcolor illustrations ; _c21 cm . |
||
| 505 | _aM | ||
| 520 | _aColorful illustrations demonstrate animals representing the extremes of the animal world in speed, size, and strength. | ||
| 521 |
_a540
_bLexile AD |
||
| 521 |
_aM
_bRaz-Plus |
||
| 650 | 0 |
_aAnimals _xMiscellanea _xJuvenile literature |
|
| 650 | 1 |
_aAnimals _xMiscellanea _vJuvenile literature |
|
| 906 |
_a7 _bcbc _corignew _d1 _eocip _f19 _gy-gencatlg |
||
| 942 |
_2ddc _cBK _n0 |
||
| 999 |
_c3398 _d3398 |
||